How Will You Measure Your Life (Record no. 332225)
[ view plain ]
| 000 -LEADER | |
|---|---|
| fixed length control field | 00492nam a2200169Ia 4500 |
| 008 - FIXED-LENGTH DATA ELEMENTS--GENERAL INFORMATION | |
| fixed length control field | 230718s9999 xx 000 0 und d |
| 020 ## - INTERNATIONAL STANDARD BOOK NUMBER | |
| International Standard Book Number | 9780007490547 |
| 041 ## - LANGUAGE CODE | |
| Language code of text/sound track or separate title | eng |
| 082 ## - DEWEY DECIMAL CLASSIFICATION NUMBER | |
| Classification number | 248.4 |
| Item number | CHR |
| 100 ## - MAIN ENTRY--PERSONAL NAME | |
| Personal name | Christensen C.M. |
| 9 (RLIN) | 113425 |
| 245 ## - TITLE STATEMENT | |
| Title | How Will You Measure Your Life |
| 260 ## - PUBLICATION, DISTRIBUTION, ETC. (IMPRINT) | |
| Date of publication, distribution, etc. | 2012 |
| Name of publisher, distributor, etc. | Harper Collins |
| 300 ## - PHYSICAL DESCRIPTION | |
| Extent | 221 |
| 365 ## - TRADE PRICE | |
| Currency code | Rs. |
| Price amount | 399.00 |
| 700 ## - ADDED ENTRY--PERSONAL NAME | |
| Personal name | Christensen C.M.; Allworth J. & Dillon K. |
| 9 (RLIN) | 194497 |
| 906 ## - LOCAL DATA ELEMENT F, LDF (RLIN) | |
| d | O:0333919-Mar-2013B:284308-Mar-2013 |
| c | GENRL |
| b | 87.78 |
| Withdrawn status | Lost status | Damaged status | Not for loan | Home library | Current library | Date acquired | Vendor | Budget Code | Cost, normal purchase price | Bill number | Total Checkouts | Full call number | Barcode | Date last seen | Discount | Cost, replacement price | Bill Date | Koha item type | Original Barcode |
|---|---|---|---|---|---|---|---|---|---|---|---|---|---|---|---|---|---|---|---|
| Cummins College of Engineering for Women Pune | Cummins College of Engineering for Women Pune | 19/03/2013 | Technical Book Services | GENRL | 311.22 | 2843 | 248.4 | CCEP-BK-43432 | 18/07/2023 | 87.78 | 399.00 | 08/03/2013 | Books | 043432 |